Responses for show #2124 - Thursday, November 25, 1993

1993 Tournament of Champions final game 1.

Contestants

Tom Nosek, an aerospace engineer from Torrance, California

Bev Schwartzberg, a teacher originally from Amherst, Massachusetts

Marilyn Kneeland, a retired teacher and Seniors Tournament winner from San Diego, California

Jeopardy! Round responses

1954
BOTTOMS UP!
JOHN PAUL II
GEORGE & RINGO
ZOOLOGY
VOCABULARY
    $100 1
Mile

Bev
    $100 11
Rose

Bev
    $100 21
Denver

Bev
    $100 6
Paul McCartney

Bev
    $100 26
Claws

Bev
    $100 16
Perforations

Bev
    $200 2
Alaska & Hawaii

Tom
    $200 12
Vodka

Bev
    $200 22
John Paul I

Bev
    $200 7
(M: What is Ralph?)
(B: What is Starkey?)
(Alex: I need the full name.)

Richard Starkey

MarilynBev
    $200 27
Sloth bear

Marilyn
    $200 17
Hedge

Bev
    $300 3
Jawaharlal Nehru

Marilyn
    $300 13
Bourbon

Tom
    $300 23
United Nations

Tom
    $300 8
"My Sweet Lord"

Bev
    $300 28
Feathers

Bev
    $1,200 18
(B: I don't know. Now I feel like one!)
(Alex: Oh, no; don't put yourself down!)

Blockhead

Bev
    $400 4
Nautilus

Marilyn
    $400 14
Egg

Bev
    $400 24
Krakow

Tom
    $400 9
Names of their respective record labels

Triple Stumper
    $400 29
(T: What are dromedaries?)
(Alex: The dromedaries are the single-humped.)

Bactrian camels

MarilynTom
    $400 19
Mezzanine

Bev
    $500 5
Arturo Toscanini

Bev
    $500 15
Midori

Tom
    $500 25
(M: What is Santo Domingo?)

Dominican Republic

MarilynTom
    $500 10
"Photograph"

Triple Stumper
    $500 30
(B: What is a caribou?)

Moose

MarilynBev
    $500 20
Solicitor

Marilyn

Scores at the first commercial break (after clue 15):

Marilyn Bev Tom
$500 $1,900 $1,000

Scores at the end of the Jeopardy! Round:

Marilyn Bev Tom
$1,600 $1,600 $1,800

Double Jeopardy! Round responses

ASTRONOMERS
THE CALENDAR
BIOGRAPHIES
NATIONAL PARKS
HISTORIC POTPOURRI
THIRTYSOMETHING
(Alex: A tribute to youth, I suppose.)
    $200 6
Galileo

Marilyn
    $200 26
(B: What is January?)

December

MarilynBev
    $200 13
Mick Jagger

Bev
    $200 19
Carlsbad Caverns

Tom
    $200 8
William the Conqueror

Marilyn
    $200 1
Charles Dickens

Bev
    $400 7
Carl Sagan

Marilyn
    $400 27
January

Bev
    $400 14
Shirley Temple Black

Bev
    $400 20
Petrified Forest

Tom
    $400 9
Elizabeth

Bev
    $400 2
John Glenn

Marilyn
    $600 18
Black hole

Tom
    $600 28
26

Tom
    $600 15
Madame Tussaud

Tom
    $600 21
Yosemite

Tom
    $600 10
Peter the Great

Marilyn
    $600 3
Vivien Leigh

Tom
    $3,000 17
Tycho Brahe

Tom
    $800 29
May & June

Marilyn
    $800 24
(T: Who is....(time?))
(Alex: Sorry, you're taking too long!)

Virginia Hill

Tom
Triple Stumper
    $800 22
Great Smoky Mountains

Bev
    $800 11
Beau Brummel

Bev
    $800 4
William Jennings Bryan

Bev
    $1000 16
Cassini

Tom
    $1000 30
Julian

Bev
    $2,000 25
Samuel Johnson

Bev
    $1000 23
Acadia

Bev
    $1000 12
Byzantine Empire

Marilyn
    $1000 5
Dmitri Mendeleev

Tom

Scores at the end of the Double Jeopardy! Round:

Marilyn Bev Tom
$5,400 $9,400 $9,600

Final Jeopardy! Round responses

20th CENTURY LEADERS
(Alex: Tom, you're going to have $19,200 to add to your total tomorrow; you've got a leg up on the championship, of course, but we have seen many times in the past, the contestant in third place come through on the second day and win it all.)
MarilynWho was Archbishop Makarios?
$3,000
BevWho was Archbishop Makarios?
$6,000
TomWho is Makarios?
$9,600
Archbishop Makarios

Final scores:

Marilyn Bev Tom
$8,400 $15,400 $19,200

Game dynamics:

Coryat scores:

Marilyn Bev Tom
$5,400 $9,600 $7,400
14 R,
2 W
26 R
(including 1 DD),
3 W
(including 1 DD)
16 R
(including 1 DD),
2 W

Combined Coryat: $22,400

The J! Archive is created by fans, for fans. The Jeopardy! game show and all elements thereof, including but not limited to copyright and trademark thereto, are the property of Jeopardy Productions, Inc. and are protected under law. This website is not affiliated with, sponsored by, or operated by Jeopardy Productions, Inc. Join the discussion at JBoard.tv.